Caricamento...

Sat chit anand: truth consciousness bliss/

Dettagli Bibliografici
Autore principale: Osho
Natura: Printed Book
Pubblicazione: New Delhi: Pan Macmillan India, 2015.
Soggetti:
LEADER 00656 a2200181 4500
999 |c 120516  |d 120516 
020 |a 9789382616566 
082 |a 299.93  |b Q5 
100 |a Osho  |9 31024 
245 |a Sat chit anand:  |b truth consciousness bliss/  |c Osho. 
260 |a New Delhi:  |b Pan Macmillan India,  |c 2015. 
300 |a 434 p. 
650 |a Spiritual life.  |9 60770 
650 |a Happiness.  |9 60771 
650 |a Consciousness.  |9 60772 
650 |a Truth.  |9 60773 
942 |c BK 
952 |0 0  |1 0  |4 0  |6 299_930000000000000_Q5  |7 0  |9 117264  |a MGUL  |b MGUL  |c GEN  |d 2016-10-31  |e Calicut Book Distributors Bill No.010693 dated :05.10.2016  |g 599.00  |l 1  |m 1  |o 299.93 Q5  |p 56425  |r 2017-11-13  |s 2017-09-16  |y BK